Manos Creativas (Registro nro. 2086)

Detalles MARC
000 -LEADER
fixed length control field 00732nam a22001937a 4500
003 - CONTROL NUMBER IDENTIFIER
control field OSt
005 - DATE AND TIME OF LATEST TRANSACTION
control field 20260429121120.0
008 - FIXED-LENGTH DATA ELEMENTS--GENERAL INFORMATION
fixed length control field 260429b |||||||| |||| 00| 0 eng d
020 ## - INTERNATIONAL STANDARD BOOK NUMBER
International Standard Book Number 9789962040163
082 ## - DEWEY DECIMAL CLASSIFICATION NUMBER
Edition number 9789962040163
100 ## - MAIN ENTRY--PERSONAL NAME
Personal name Lexus
245 ## - TITLE STATEMENT
Title Manos Creativas
Remainder of title Bijouterie - caritas pintadas - bordados
250 ## - EDITION STATEMENT
Edition statement 1ra
260 ## - PUBLICATION, DISTRIBUTION, ETC.
Name of publisher, distributor, etc. Lexus Editores
Date of publication, distribution, etc. 2013
300 ## - PHYSICAL DESCRIPTION
Extent 177 pag
Dimensions 19.5 x 15.5
490 ## - SERIES STATEMENT
Materials specified cubierta dura
520 ## - SUMMARY, ETC.
Summary, etc. l Tomo 2 de la colección Manos Creativas es el volumen dedicado íntegramente al adorno personal y la moda artesanal. Se enfoca en dos grandes áreas: la creación de accesorios desde cero ( Bijouterie ) y la ornamentación de textiles (Bordados).
942 ## - ADDED ENTRY ELEMENTS (KOHA)
Source of classification or shelving scheme Dewey Decimal Classification
Koha item type Acceso Libre
Suppress in OPAC No
Existencias
Withdrawn status Lost status Source of classification or shelving scheme Damaged status Not for loan Collection Home library Current library Shelving location Date acquired Source of acquisition Coded location qualifier Inventory number Total checkouts Full call number Barcode Date last seen Copy number Price effective from Koha item type Public note
    Dewey Decimal Classification     Estantería F Fila 2 Biblioteca Stanford Biblioteca Stanford Biblioteca Abierta 29.04.2026 GUIA 0505 0505   Educación BIBLIO0505 29.04.2026 1 29.04.2026 Acceso Libre  
    Dewey Decimal Classification     Estantería F Fila 2 Biblioteca Stanford Biblioteca Stanford Biblioteca Abierta 29.04.2026 GUIA 0506 0506   Educación BIBLIO0506 29.04.2026 1 29.04.2026 Acceso Libre MANOS CREATICAS , Velas , tie dye , jabones etc
Bienvenido a nuestra Biblioteca